Welcome to CU Library Online Public Access Catalogue (OPAC)

Disciplining hermeneutics : (Record no. 6485)

MARC details
000 -LEADER
fixed length control field 00607cam a2200181 a 4500
001 - CONTROL NUMBER
control field 1179173
005 - DATE AND TIME OF LATEST TRANSACTION
control field 20250614135824.0
008 - FIXED-LENGTH DATA ELEMENTS--GENERAL INFORMATION
fixed length control field 970108s1997 miu b 001 0 eng
020 ## - INTERNATIONAL STANDARD BOOK NUMBER
International Standard Book Number 0802808581 (pbk. : alk. paper)
020 ## - INTERNATIONAL STANDARD BOOK NUMBER
International Standard Book Number 0851114539 (alk. paper)
050 00 - LIBRARY OF CONGRESS CALL NUMBER
Classification number BS476
Item number .D57 1997
082 00 - DEWEY DECIMAL CLASSIFICATION NUMBER
Classification number 220.6/01
Edition information 21
245 00 - TITLE STATEMENT
Title Disciplining hermeneutics :
Remainder of title interpretation in Christian perspective /
Statement of responsibility, etc. edited by Roger Lundin.
260 ## - PUBLICATION, DISTRIBUTION, ETC.
Place of publication, distribution, etc. Grand Rapids, Mich. :
Name of publisher, distributor, etc. W.B. Eerdmans ;
Place of publication, distribution, etc. Leicester, England :
Name of publisher, distributor, etc. APOLLOS,
Date of publication, distribution, etc. 1997.
300 ## - PHYSICAL DESCRIPTION
Extent viii, 177 p. ;
Dimensions 23 cm.
700 1# - ADDED ENTRY--PERSONAL NAME
Personal name Lundin, Roger.
942 ## - ADDED ENTRY ELEMENTS (KOHA)
Source of classification or shelving scheme Library of Congress Classification
Koha item type Books
Suppress in OPAC No
999 ## -
-- 6485
-- 6485
Holdings
Withdrawn status Lost status Source of classification or shelving scheme Damaged status Not for loan Collection Home library Current library Shelving location Date acquired Total checkouts Full call number Barcode Date last seen Copy number Price effective from Koha item type
    Library of Congress Classification     Non-fiction Undergraduate Library (Christ Temple) Undergraduate Library (Christ Temple) General stacks 06/14/2025   BS476 DIS ulct00003292 06/14/2025 1 06/14/2025 Books
    Library of Congress Classification     Non-fiction Undergraduate Library (Christ Temple) Undergraduate Library (Christ Temple) General stacks 06/14/2025   BS476 DIS ulct00003293 06/14/2025 2 06/14/2025 Books
    Library of Congress Classification     Non-fiction Undergraduate Library (Christ Temple) Undergraduate Library (Christ Temple) General stacks 06/14/2025   BS476 DIS ulct00003294 06/14/2025 3 06/14/2025 Books
    Library of Congress Classification     Non-fiction Undergraduate Library (Christ Temple) Undergraduate Library (Christ Temple) General stacks 06/14/2025   BS476 DIS ulct00003295 06/14/2025 4 06/14/2025 Books
© 2023-2024 Copyright: Central University Libraries. All Rights Reserved | Created by: Mahone Tech Office